000 00596nam a2200229Ia 4500
003 OSt
005 20220923225519.0
006 a|||||r|||| 00| 0
007 ta
008 Pun
024 _a270,242
037 _cTextual
040 _aARTS
_cARTS
_bPun
041 _2Pun
_aPun
082 _aO153:g, N3
100 _aਸਿੰਘ, ਮਨਜੀਤ
245 0 _aਪੰਜਾਬੀ ਸਾਹਿਤ ਅਵਚੇਤਨ
260 _c1993
650 _aਪੰਜਾਬੀ ਸਾਹਿਤ
942 _hO153:g, N3
_cTEXL
_2CC
999 _c378759
_d378759